| 000 | 00556cam a2200229 4500 | ||
|---|---|---|---|
| 008 | 090401t1995 xxu||||| |||| 00| 0 eng d | ||
| 020 | _a0752001574 | ||
| 035 | _a(Sirsi) u65291 | ||
| 041 | _aeng | ||
| 050 | _a336.271 | ||
| 100 | _aSlater, Brian | ||
| 245 | _aEssential VAT for property practitioners. | ||
| 260 |
_aLondon _bFT Law & Tax _c1995 |
||
| 300 | _axviii, 189p. ; 22cm. | ||
| 350 | _a35 | ||
| 650 | _aPROPERTY | ||
| 650 | _aVALUE ADDED TAX | ||
| 650 | _aVALUE ADDED TAX | ||
| 690 | _aTAXATION | ||
| 942 | _n0 | ||
| 948 | _c04/03/1997 | ||
| 999 |
_c94749 _d94749 |
||